00794nam a2200253 a 450000100060000000300080000600500170001400800410003102000160007203500190008804000320010704100080013908200260014710000210017324500820019425000120027626000370028830000350032550400510036065000310041165000290044265000280047170000410049961087BD-RjUL20211209080923.0170115s1984 nyua b 001 0 eng d a0070440913  a(BD-RjUL)61211 aDLCcDLCdDLCdBD-RjULbeng aeng00a658.45 223bMUE 19841 aMurphy, Herta A.10aEffective business communications /cHerta A. Murphy, Herbert W. Hildebrandt. a4th ed. aNew York :bMcGraw-Hill,cc1984. axiii, 737 p. :bill. ;c25 cm. aIncludes bibliographical references and index. 0aCommercial correspondence. 0aBusiness report writing. 0aBusiness communication.1 aHildebrandt, Herbert William,d1931-